header

Syria and Iran (Record no. 104673)

MARC details
000 -LEADER
fixed length control field 01454nam a2200337Ia 4500
100 1# - MAIN ENTRY--AUTHOR NAME
Personal name Goodarzi, Jubin M.
245 10 - TITLE STATEMENT
Title Syria and Iran
250 ## - EDITION STATEMENT
Edition statement New ed.
260 ## - PUBLICATION, DISTRIBUTION, ETC. (IMPRINT)
Place of publication London ;
-- New York :
Name of publisher I.B. Tauris ;
Place of publication New York :
Name of publisher Distributed in the U.S. and Canada exclusively by Palgrave Macmillan,
Year of publication 2009.
300 ## - PHYSICAL DESCRIPTION
Number of Pages xv, 359 p.
500 ## - GENERAL NOTE
General note Previous ed.: Tauris Academic Studies, 2006.
650 #0 - SUBJECT ADDED ENTRY--TOPICAL TERM
Topical Term International relations
856 40 - ELECTRONIC LOCATION AND ACCESS
Uniform Resource Identifier http://site.ebrary.com/lib/rucke/Doc?id=10359146

No items available.

© 2026 Rongo University
Contact us: librarian | system librarian | Rongo university